1970 1788 1873 1168 1890 1813 1015 1202 1259 1875 1892 1111 1975 1200 1902 1391 1027 1276 1303 1810 1543 1235 1078 1959 1778 1738 1685 1902 1716 1420 1898 1489 1992 1826 1211 1487 1257 1311 1160 1673 1103 1608 1260 1447 1611 1594 1679 1433 1848 1964 1894 1813 1173 1487 1395 1271 1572 1286 1388 1809 1601 1507 1484 1950 1199 1391 1364 1244 1328 1870 1893 1221 1020 1296 1241 1408 1507 1121 1856 1323 1984 1147 1918 1884 1124 1969 1895 1481 1697 1324 1883 1781 1647 1380 1973 1557 1417 1303 1097 BCNSPRNW ULIB Ver.6.0+V

เปลี่ยนเป็นภาษาไทย

Change to English
 แสดงรายละเอียดบรรณานุกรม
  กลับหน้าหลัก

Brief Record : Get Marc (ISO 2709) : E-mail record : QR code < ปิดหน้าต่าง
LEADER : 00000nam 2200000uu 4500
001    13399127871
003     ULIB
008    211019s2563||||th 000 0 tha d
020    ^a9786165657150
050  4 ^aPE1128^bส698c
100 0  ^aสำราญ คำยิ่ง
245 10 ^aComplete your English grammar with advanced English grammar for high learners /^cสำราญ คำยิ่ง
246 30 ^aAdvanced English grammar for high learners
250    ^aพิมพ์ครั้งที่ 6
260    ^aกรุงเทพฯ :^bห้างหุ้นส่วนจำกัด วี.เจ.พริ้นติ้ง,^c2563
300    ^a728 หน้า ;^c27 ซม.
505 0  ^aGrammar review and terminology -- Nouns -- Number of nouns-- Articles -- Pronouns -- Verbs -- Adverbs -- Adjective -- Propositions and idioms -- Conjunctions -- Questionwords -- Agreement of subjects and verbs -- Tenses --Active and passive voice -- Direct and indirect speech --Non-finite verbs -- If-sentence and subjunctive --Sequence of tense -- Sentences, clauses and phrases --Relative clauses -- Question tag -- Inversion of verb andadverb -- Word building -- The use of confused words --Compound words -- Interjection -- Combination of sentences-- Comparison of adjectives and adverbs -- The use ofgenitive (s, of) -- Number and how to read --Punctuations and capitalization -- Pronunciation --ตัวอย่างข้อสอบภาษาอังกฤษเข้ามหาวิทยาลัย ปีการศึกษา 2528พร้อมเฉลยอย่างละเอียด
650  0 ^aEnglish language^vExaminations, questions, etc.
650  0 ^aEnglish language^xGrammar
650  0 ^aEnglish language^xUsage
650  4 ^aภาษาอังกฤษ^vข้อสอบและเฉลย
650  4 ^aภาษาอังกฤษ^xไวยากรณ์
650  4 ^aภาษาอังกฤษ^xการใช้ภาษา
945    ^p220^l0^i008472
999    ^aประนอม เกษจรัล
รายการนี้ยังไม่มีแท็ก
คุณยังไม่ได้ล็อกอิน คุณสามารถมีกิจกรรมร่วมกับเว็บไซต์ได้ แต่ต้องล็อกอินก่อน ::
  ล็อกอิน

รายการสื่อสารสนเทศ

ลำดับที่ ประเภท เลขเรียก/บาร์โค้ด สถานที่ สถานะ
1. การศึกษาทั่วไป
หนังสือสำรอง
สถานะ=หนังสือสำรอง
PE1128 ส698c ฉ.1 
  Barcode: 008472
ห้องสมุดวิทยาเขตสวรรค์ประชารักษ์
►หนังสือทั่วไป
ถูกยืม กำหนดส่งวันที่ 11 เมษายน 2568
  จอง

รายการใกล้เคียง
    ผู้แต่ง [สำราญ คำยิ่ง]

    หัวเรื่อง [English language Grammar]
    หัวเรื่อง [ภาษาอังกฤษ การใช้ภาษา]

BibComment


ยังไม่เคยถูกคอมเมนท์

คอมเมนท์ทรัพยากรรายการนี้
  คอมเมนท์: Complete your En..


 Copyright 2026. Bcnsprnw @Library